书目信息 |
| 题名: |
理论力学教程
|
|
| 作者: | 周衍柏 编 | |
| 分册: | ||
| 出版信息: | 人民教育出版社 1979 |
|
| 页数: | 341页 | |
| 开本: | 19cm | |
| 丛书名: | ||
| 单 册: | ||
| 中图分类: | O31 | |
| 科图分类: | ||
| 主题词: | 理论力学--高等学校 | |
| 电子资源: | ||
| ISBN: | ||
| 000 | 00592nam0 2200229 45 | |
| 001 | 0198023697 | |
| 005 | 20060726155128.23 | |
| 010 | @dCNY0.80 | |
| 091 | @a13012.0283 | |
| 100 | @a19980429d1979 em y0chiy0121 ea | |
| 101 | 0 | @achi |
| 102 | @aCN@b430000 | |
| 105 | @ay z 000yy | |
| 200 | 10 | @a理论力学教程@Ali lun li xue jiao cheng@f周衍柏编@FZhou Yan Bai Bian |
| 210 | @b北京@c人民教育出版社@d1979 | |
| 215 | @a341页@d19cm | |
| 300 | @a高等学校试用教材 | |
| 606 | @a理论力学@x高等学校 | |
| 690 | @aO31@v3 | |
| 701 | 0 | @a周衍柏@4编 |
| 801 | @aCN@bTSTC@c20060726 | |
| 905 | @dO31@e12 | |
| 理论力学教程/周衍柏编.-(北京):人民教育出版社,1979 |
| 341页;19cm |
| 高等学校试用教材 |
| ISBN :CNY0.80 |
| ● |
| 相关链接 |
|
|
|
|
正题名:理论力学教程
索取号:O31/12
 
预约/预借
| 序号 | 登录号 | 条形码 | 馆藏地/架位号 | 状态 | 备注 |
| 1 | 0018233 | 202328775 | 密集书库/ [索取号:O31/12] | 在馆 | |
| 2 | 0018234 | 202328846 | 密集书库/ [索取号:O31/12] | 在馆 | |
| 3 | 0018236 | 202328855 | 密集书库/ [索取号:O31/12] | 在馆 | |
| 4 | 0018237 | 202275867 | 密集书库/ [索取号:O31/12] | 在馆 | |
| 5 | 0018246 | 202328800 | 密集书库/ [索取号:O31/12] | 在馆 | |
| 6 | 0018260 | 202328819 | 密集书库/ [索取号:O31/12] | 在馆 | |
| 7 | 0109669 | 202328882 | 密集书库/ [索取号:O31/12] | 在馆 | |
| 8 | 0109675 | 001957083 | 第二样本阅览室/ [索取号:O31/12] | 在馆 | |
| 9 | 0109679 | 001447232 | 第三借阅区/ [索取号:O31/12] | 在馆 | |
| 10 | 0109680 | 202275698 | 密集书库/ [索取号:O31/12] | 在馆 | |
| 11 | 0109682 | 202284223 | 密集书库/ [索取号:O31/12] | 在馆 | |
| 12 | 0431850 | 204318504 | 密集书库/ [索取号:O31/12] | 在馆 |